Normal view
MARC view
- Supervised by Dr. Muhammad Noman Jafri
Entry Personal Name
001 - CONTROL NUMBER
- control field: 133109
003 - CONTROL NUMBER IDENTIFIER
- control field: NUST
005 - DATE AND TIME OF LATEST TRANSACTION
- control field: 20260206180045.0
008 - FIXED-LENGTH DATA ELEMENTS
- fixed length control field: 260206|| aca||aabn | a|a d
040 ## - CATALOGING SOURCE
- Original cataloging agency: NUST
- Transcribing agency: NUST
100 ## - HEADING--PERSONAL NAME
- Personal name: Supervised by Dr. Muhammad Noman Jafri
670 ## - SOURCE DATA FOUND
- Source citation: Work cat.: (NUST)181776: Chaudhry, Mohammad Ali 133106, Design of Appropriate Wavelet Bases for Texture Discrimination /, 2007
